000 00727nam a2200205Ia 4500
001 13333
003 GE_BSU
008 181216s||||||||xx |||||||||||||| ||und||
020 _a9789941224362
040 _cGE_BSU
080 _a327(100)(09)
100 _aმანველიძე,ირაკლი ირემაძე, გელა
245 _aსაერთაშორისო ურთიერთობების ისტორია. ნ.1
260 _aთბილისი
260 _bუნივერსალი
260 _c2014
300 _a197გვ.20სმ.
653 _aსაერთაშორისო ურთიერთობების ისტორია.
942 _cBK
999 _c46494
_d46494